Σιδηρές Κατασκευές / Παραδείγματα Εφαρμογής του Ευρωκώδικα 3. (Record no. 3744)
[ view plain ]
| 000 -LEADER | |
|---|---|
| fixed length control field | 01756cam a22002174a 4500 |
| 005 - ΗΜΕΡΟΜΗΝΙΑ ΚΑΙ ΩΡΑ ΤΕΛΕΥΤΑΙΑΣ ΕΝΗΜΕΡΩΣΗΣ | |
| Πεδίο ελέγχου | 20250605164124.0 |
| 008 - FIXED-LENGTH DATA ELEMENTS--GENERAL INFORMATION | |
| Πεδίο ελέγχου σταθερού μήκους | 250528s ||||||||||||||||||||||||d |
| 035 ## - SYSTEM CONTROL NUMBER | |
| System control number | 18382 |
| 020 ## - ISBN | |
| ISBN | 9602093765 |
| 040 ## - ΠΗΓΗ ΚΑΤΑΛΟΓΟΓΡΑΦΗΣΗΣ | |
| Φορέας πρωτότυπης καταλογογράφησης | MC Athens Campus Library |
| Γλώσσα καταλογογράφησης | Ελληνικά, Μοντέρνα (1453-) |
| Modifying agency | MC Athens Campus Library |
| Κανόνες περιγραφικής καταλογογράφησης | AACR2 |
| 245 1# - ΤΙΤΛΟΣ ΚΑΙ ΔΗΛΩΣΗ ΥΠΕΥΘΥΝΟΤΗΤΑΣ | |
| Τίτλος | Σιδηρές Κατασκευές / Παραδείγματα Εφαρμογής του Ευρωκώδικα 3. |
| Number of part/section of a work | Τόμος II |
| 260 ## - PUBLICATION, DISTRIBUTION, ETC. | |
| Name of publisher, distributor, etc. | Κλειδάριθμος, |
| Date of publication, distribution, etc. | 2005 |
| 300 ## - PHYSICAL DESCRIPTION | |
| Extent | 464 |
| 520 ## - SUMMARY, ETC. | |
| Summary, etc. | Ο παρόν τόμος περιέχει 28 παραδείγματα εφαρμογής ειδικών στοιχείων και έργων από χάλυβα. Πρόλογος, Διμελές Υποστήλωμα από Διατομές Διαμορφωμένες εν Ψυχρώ, Τραπεζοειδές Χαλυβδόφυλλο Επικάλυψης, Σύνθετη Δοκός με Εγκάρσιες και Διαμήκεις Ενισχύσεις στον Κορμό, Μη Ενισχυμένος Κορμός υπό Εγκάρσιες Δυνάμεις, Δοκός με Πολλαπλά Πολυγωνικά Ανοίγματα στον Κορμό της, Μεταλλικό Σιλό, Μεταλλική Καπνοδόχος, Δοκός Κυλίσεως Γερανογέφυρας, Συμπεριφορά Δοκού σε Στρέψη, Σχεδιασμός Δοκού Έναντι Πυρκαγιάς, Αντισεισμικός Έλεγχος Εξαώροφου Πλαισιωτού Κτιρίου, Παράρτημα, Βιβλιογραφία. |
| 700 1# - ΠΡΟΣΘΕΤΗ ΑΝΑΓΡΑΦΗ--ΦΥΣΙΚΟ ΠΡΟΣΩΠΟ | |
| Personal name | Βάγιας Ιωάννης Κ |
| 9 (RLIN) | 3908 |
| 700 1# - ΠΡΟΣΘΕΤΗ ΑΝΑΓΡΑΦΗ--ΦΥΣΙΚΟ ΠΡΟΣΩΠΟ | |
| Personal name | Ερμόπουλος Ιωάννης Χ |
| 9 (RLIN) | 3909 |
| 700 1# - ΠΡΟΣΘΕΤΗ ΑΝΑΓΡΑΦΗ--ΦΥΣΙΚΟ ΠΡΟΣΩΠΟ | |
| Personal name | Ιωαννίδης Γεώργιος Ι |
| 9 (RLIN) | 3910 |
| 942 ## - ADDED ENTRY ELEMENTS (KOHA) | |
| Koha item type | Books |
| Τύπος τεκμηρίου | Βιβλιοθήκη | Τρέχουσα τοποθεσία | Barcode | Αριθμός εισαγωγής | Ημερομηνία απόκτησης | Ταξιθετικό σύμβολο | Αριθμός αντιτύπου | Κατάσταση απόσυρσης | Κατάσταση χαμένου | Κατάσταση κατεστραμμένου | Μη δανεισμός | Σύνολο δανεισμών | Ημερομηνία τελευταίας εμφάνισης | Η τιμή ισχύει από |
|---|---|---|---|---|---|---|---|---|---|---|---|---|---|---|
| Books | MC Athens Campus Library | MC Athens Campus Library | 9780000037435 | 3042 | 05/06/2025 | 624.1821 VAG V.II | 1 | 05/06/2025 | 05/06/2025 |